Molecular aggregation (Record no. 22235)
[ view plain ]
| 000 -LEADER | |
|---|---|
| fixed length control field | 01644nam a2200409 a 4500 |
| 082 04 - DEWEY DECIMAL CLASSIFICATION NUMBER | |
| Classification number | 548 |
| 100 1# - MAIN ENTRY--AUTHOR NAME | |
| Personal name | Gavezzotti, Angelo. |
| 245 10 - TITLE STATEMENT | |
| Title | Molecular aggregation |
| 260 ## - PUBLICATION, DISTRIBUTION, ETC. (IMPRINT) | |
| Place of publication | Oxford ; |
| -- | New York : |
| Name of publisher | Oxford University Press, |
| Year of publication | 2007. |
| 300 ## - PHYSICAL DESCRIPTION | |
| Number of Pages | xv, 425 p. : |
| Other physical details | ill. |
| 490 1# - SERIES STATEMENT | |
| Series statement | IUCr Monographs on crystallography ; |
| 650 #0 - SUBJECT ADDED ENTRY--TOPICAL TERM | |
| Topical Term | Crystallography. |
| Topical Term | Intermolecular forces |
| Topical Term | Molecular dynamics |
| Topical Term | Quantum chemistry |
| Topical Term | Crystals. |
| Topical Term | Liquids. |
| 856 40 - ELECTRONIC LOCATION AND ACCESS | |
| Uniform Resource Identifier | http://site.ebrary.com/lib/rucke/Doc?id=10271535 |
No items available.
